Caripe : (Registro nro. 23597)

Detalles MARC
000 -LEADER
fixed length control field 01048nam a22002057a 4500
003 - CONTROL NUMBER IDENTIFIER
control field DO-CoUTE
005 - DATE AND TIME OF LATEST TRANSACTION
control field 20240918102854.0
008 - FIXED-LENGTH DATA ELEMENTS--GENERAL INFORMATION
fixed length control field 240918b dr ||||| |||| 00| 0 spa d
040 ## - CATALOGING SOURCE
Original cataloging agency DO-CoUTE
Language of cataloging spa
Transcribing agency DO-CoUTE
082 ## - DEWEY DECIMAL CLASSIFICATION NUMBER
Classification number 398.329 L579C (CEN)
100 1# - MAIN ENTRY--PERSONAL NAME
Personal name León, Domingo Rogelio
Relator term autor
245 10 - TITLE STATEMENT
Title Caripe :
Remainder of title Historia cotidiana y oralidad /
Statement of responsibility, etc. Domingo Rogelio León, Rudy Mostacero Villarreal
250 ## - EDITION STATEMENT
Edition statement Primera edición
260 ## - PUBLICATION, DISTRIBUTION, ETC.
Place of publication, distribution, etc. Maturín, Venezuela :
Name of publisher, distributor, etc. Editorial Litógrafos,
Date of publication, distribution, etc. 1997
300 ## - PHYSICAL DESCRIPTION
Extent 533 páginas :
Other physical details Fotografías ;
Dimensions 11x19cm
504 ## - BIBLIOGRAPHY, ETC. NOTE
Bibliography, etc. note Incluye referencia bibliográfica e índice.
505 ## - FORMATTED CONTENTS NOTE
Formatted contents note La oralidad y la literatura oral 15|Caripe: de la aldea a la ciudad, recuento histórico - cultural 45|Oralidad y escritura en la literatura popular de cuatro creadores de Caripe 71|Cotidianidad y creación literaria en cuatro escritores populares 143|Presentación autobiográfica 231|Antología poética 259|Glosario de términos mitológicos y literarios 485
650 #4 - SUBJECT ADDED ENTRY--TOPICAL TERM
Source of heading or term Folclor Campesino
942 ## - ADDED ENTRY ELEMENTS (KOHA)
Source of classification or shelving scheme Dewey Decimal Classification
Koha item type Libros
Existencias
Withdrawn status Lost status Source of classification or shelving scheme Damaged status Not for loan Collection code Home library Current library Shelving location Date acquired Inventory number Total Checkouts Full call number Barcode Date last seen Copy number Price effective from Koha item type
    Dewey Decimal Classification     Colección Esclarecida Núñez de Almonte Biblioteca UTECO Biblioteca UTECO En Estantería 09/18/2024 023085   398.329 L579C (CEN) 023085 09/18/2024 Ej.1 09/18/2024 Libros
© 2021 Derechos Reservados UTECO - Teléfono: +1 809-585-2291 - Correo electrónico: biblioteca@uteco.edu.do​  
Código postal 43000 ​​
Dirección: Avenida Universitaria No. 100, 
Cotuí, Provincia Sánchez Ramírez, República Dominicana - RNC: 404-00059-6